Vista normal
Vista MARC
Entrada Título uniforme
Número de registros utilizados en: 1
001 - NÚMERO DE CONTROL
- campo de control: 3783
003 - IDENTIFICADOR DE NÚMERO DE CONTROL
- campo de control: PE-LiUPU
005 - FECHA Y HORA DE LA ÚLTIMA TRANSACCIÓN
- campo de control: 20240229102605.0
008 - ELEMENTOS DE DATO DE LONGITUD-FIJA
- campo de control de longitud fija: 240229|| aca||aabn | a|a d
040 ## - FUENTE DE CATALOGACIÓN
- Centro catalogador/agencia de origen: PE-LiUPU
130 ## - ENCABEZAMIENTO--TÍTULO UNIFORME
- Título uniforme: Biblia.
- Subdivisión general: Teología
- Subdivisión general: Historia
- Subdivisión cronológica: Siglo XX.